000 00769nam a2200289 a 4500
999 _c8507
_d8507
001 8507
003 BD-JhCC
005 20180226172738.0
008 500101s1995 mau 000 0 eng d
020 _a0534944949
035 _a(BD-JhCC)8507
040 _aBD-JhCC
_dBD-JhCC
041 _aeng
082 _a512
_bJOH 1982
100 1 0 _aJohnston, C. L.
_q(Carol Lee),
_d1911-
245 1 0 _aEssential algebra /
_cC.L. Johnston, Alden T. Willis, Jeanne Lazaris
250 _a7th ed
260 _aBoston :
_bPWS,
_c1994
300 _axvii, 650, A99 p ;
_c28 cm
490 0 _aThe Johnston-Willis series
504 _aIncludes Index
650 0 _aAlgebra
700 1 _aWillis, Alden T.
700 1 _aLazaris, Jeanne,
_d1932-
942 _2ddc
_cBK